Spletité cesty logistiky v obří korporaci

Riadenie logistiky v obrej korporácii ako je Lenovo má svoje špecifiká, ktoré vyplývajú zo zložitej štruktúry firmy ako aj z foriem outsourcingu. Do siete vstupujú 3PL a 4PL spoločnosti, distribútori a sklady. Logistický manažér Lenova pre región Európy, Afriky a Blízkeho východu Tomáš Reizner popis...

Full description

Saved in:
Bibliographic Details
Main Author: Novotný, Radek
Other Authors: Reizer, Tomáš
Format: Book Chapter
Language:Czech
Subjects:
Tags: Add Tag
No Tags, Be the first to tag this record!

MARC

LEADER 00000naa a2200000 4500
001 0236637
005 20171019093554.3
041 0 |a cze 
044 |a CZ 
245 1 0 |a Spletité cesty logistiky v obří korporaci  |c Radek Novotný, Tomáš Reizer 
520 |a Riadenie logistiky v obrej korporácii ako je Lenovo má svoje špecifiká, ktoré vyplývajú zo zložitej štruktúry firmy ako aj z foriem outsourcingu. Do siete vstupujú 3PL a 4PL spoločnosti, distribútori a sklady. Logistický manažér Lenova pre región Európy, Afriky a Blízkeho východu Tomáš Reizner popisuje fungovanie dodávateľského reťazca najväčšieho svetového výrobcu počítačov. 
610 2 0 |a logistika 
610 2 0 |a distribúcia 
610 2 0 |a sklady 
610 2 0 |a outsourcing 
610 2 0 |a počítače 
610 2 0 |a telefón mobilný 
610 2 0 |a firmy 
610 2 0 |a akvizícia 
610 2 0 |a Čína 
610 2 0 |a Česko 
100 1 |a Novotný, Radek 
700 1 |a Reizer, Tomáš